Statistics for Largest Islands in Taiwan (Republic of China)

Click here to take the quiz!

General Stats

  • This quiz has been taken 11 times
  • The average score is 23 of 50

Answer Stats

RankCounty/CityInhabited?Area (km²)Island% Correct
1various (19)Yes35,807.82Taiwan Main Island | 臺灣島
100%
6TaitungYes15.09Green Island | 綠島
83%
2KinmenYes134.25Kinmen Main Island | 金門島
83%
9Lienchiang/MatsuYes10.43Nangan Island | 南竿島
83%
4TaitungYes46.82Orchid Island | 蘭嶼
83%
3PenghuYes65.41Penghu Main Island | 澎湖本島
83%
8PenghuYes13.88Baisha Island | 白沙島
67%
50PenghuNo0.19Baisha Islet | 白沙嶼
67%
13Lienchiang/MatsuYes6.44Beigan Island | 北竿島
67%
10PenghuYes7.59Cimei Island | 七美嶼
67%
14Lienchiang/MatsuYes3.22Dongyin Island | 東引島
67%
16Yilantemporary residents only2.84Guishan Island | 龜山島
67%
11PingtungYes6.80Lamay Island | 琉球嶼
67%
7KinmenYes14.85Lesser Kinmen Island | 烈嶼
67%
12PenghuYes6.74Wang'an Island | 望安島
67%
5PenghuYes17.84Xiyu Island | 漁翁島
67%
17Lienchiang/MatsuYes2.64Dongju Island | 東莒島
50%
19PenghuYes2.00Hujing Island | 虎井嶼
50%
23PenghuYes1.56Jiangjyunao Islet | 將軍澳嶼
50%
15PenghuYes3.06Jibei Island | 吉貝嶼
50%
27Keelungtemporary residents only1.14Pengjia Islet | 彭佳嶼
50%
21Kaohsiungtemporary residents only1.74Pratas Island | 東沙島
50%
29PenghuNo0.90Siji Islet | 西吉島
50%
42PenghuYes0.30Tongpan Island | 桶盤嶼
50%
18Lienchiang/MatsuYes2.37Xiju Island | 西莒島
50%
40PenghuYes0.35Bird Island | 鳥嶼
33%
24PenghuYes1.41Chungtun Island | 中屯島
33%
49PenghuYes0.19Dacang Island | 大倉嶼
33%
30Kinmentemporary residents only0.79Dadan Island | 大膽島
33%
33Lienchiang/Matsutemporary residents only0.54Daqiu | 大坵
33%
20PenghuYes1.77Dongji Island | 東吉嶼
33%
35PenghuYes0.48East Islet | 東嶼坪嶼
33%
43Kinmentemporary residents only0.28Erdan Island | 二膽島
33%
25Lienchiang/Matsutemporary residents only1.39Gaodeng Island | 高登島
33%
31KinmenYes0.71Greater Qiu Islet | 大坵嶼
33%
46PenghuNo0.22Gupo Island | 姑婆嶼
33%
26PenghuYes1.27Hua Islet | 花嶼
33%
38Lienchiang/Matsutemporary residents only0.36Liang Island | 亮島
33%
41KeelungNo0.32Mianhua Islet | 棉花嶼
33%
28Lienchiang/MatsuYes1.13Siyin Island | 西引島
33%
37KinmenYes0.42Smaller Qiu Islet | 小坵嶼
33%
39PenghuYes0.35West Islet | 西嶼坪嶼
33%
32KeelungYes0.66Heping Island | 和平島
17%
48Lienchiang/MatsuNo0.19Huangguan Isle | 黃官嶼
17%
45Keelungtemporary residents only0.24Keelung Islet | 基隆嶼
17%
22TaitungNo1.57Lesser Orchid Island | 小蘭嶼
17%
47TaitungNo0.22Sanxiantai | 三仙台嶼
17%
34Kaohsiungtemporary residents only0.51Taiping Island | 太平島
17%
36PenghuYes0.47Xiaomen Yu | 小門嶼
17%
44PenghuYes0.25Yuanbei Island | 員貝嶼
17%

Score Distribution

Percentile by Number Answered

Percent of People with Each Score

Your Score History

You have not taken this quiz